| 000 | 01907nim a2200361 i 4500 | ||
|---|---|---|---|
| 003 | CO-BoRNBP | ||
| 005 | 20230705221734.0 | ||
| 007 | vd cvadzs | ||
| 008 | 21 s2009 ck 125 b |||| |0| mcmul d | ||
| 020 | _a7506036065622 | ||
| 040 |
_aCO-BoRNBP _bspa _erda _cCO-BoRNBP |
||
| 041 | 1 |
_ajpn _hspa |
|
| 082 | 0 | 4 |
_a791.43 _bM39v _222 |
| 100 | 1 |
_aMiyazaki, Hayao _d1941- _eautor _9204419 |
|
| 245 | 1 | 3 |
_aEl viaje de Chihiro _cguión y dirección de Hayao Miyazaki ; música de Joe Hisaishi ; producido por Toshio Suzuki |
| 246 | 3 | 3 | _aSen to Chihiro no kamikakushi |
| 264 | 1 |
_aMéxico, Mexico _bZima Enterteinment _bStudio Ghibli _c2010 |
|
| 300 |
_a1 DVD (125 minutos) _bestéreo, color _c19 cm |
||
| 336 |
_2rdacontent _aimagen bidimensional en movimiento _btdi |
||
| 337 |
_2rdamedia _avideo _bv |
||
| 338 |
_2rdacarrier _avideodisco _bvd |
||
| 520 | 0 | 3 | _a"Chihiro, una pequeña de 10 años, no está contenta. La noticia de que sus padres y ella tendrán que mudarse no le ha gustado nada. Sin embargo, gracias al extravío que sufren de camino a su nueva casa, un viaje verdaderamente extraordinario comienza. Criaturas mágicas, seres que mutan y ambientes que se transforman pueblan todo alrededor. Entre este vértigo, Chihiro, poco a poco empieza a entender. Quizá ahora vuelva a ser feliz" Tomado del estuche |
| 521 | _aRecomendado para público infantil mayor de 6 años | ||
| 546 | _aPelícula en japonés con subtítulos en español | ||
| 586 | _aPelícula ganadora del Premio Oscar a la mejor película de animación, 2003. | ||
| 650 | 1 | 7 |
_aPelículas cinematográficas japonesas _vDVD _2LEMB _9204413 |
| 650 | 1 | 7 |
_aPelículas animadas japonesas _vDVD _2LEMB _9204414 |
| 650 | 1 | 7 |
_aFantasia _vDVD _2LEMB _9204415 |
| 650 | 1 | 7 |
_aDibujos animados _vDVD _2LEMB _984072 |
| 700 | 1 |
_aSuzuki, Toshio _d1948- _eproductor _9204420 |
|
| 700 | 1 |
_aHisaishi, Joe _d1950- _ecompositor _9204421 |
|
| 942 |
_2ddc _cDVD |
||
| 999 |
_c4067 _d4067 |
||